000 00618nam a2200229Ia 4500
003 OSt
005 20220926002510.0
006 a|||||r|||| 00| 0
007 ta
008 220923b |||||||| |||| 00| 0 eng d
037 _cGeneral Book
040 _aRTL
_cRTL
_beng
041 _2eng
_aeng
082 _aB2, K8
100 _aShanti N
_9305962
245 0 _aAlgebra
_b A Textbook For Secondary Schools Part-II
260 _a New Delhi
_bN.C.E.R.T
_c1968
300 _a368p.
_ccm.
700 _a Lal M
_9305963
942 _hB2, K8
_cGB
_2CC
999 _c605239
_d605239